zpět

Detail výsledku týmu

Bar U Souseda, Plzeň

Datum a čas kvízu

26 Celkem bodů Celkový počet nahraných bodů na tomto kvízu bez doplňovacích otázek.
2. Pořadí na kvízu Konečné umístění týmu na tomto kvízu.

Zaznamenané odpovědi

# Otázka Odpověď Body Výsledky
1. Největší veřejně přístupnou sb... 1
2. Slovenská vládní krize přinesl... 0
3. Na zahájení letošního ročníku... 0
4. Nápojářská skupina Kofola kupu... 1
5. Minulý týden vyvrcholil presti... 0
6. Stephen Hawking, jehož obdivuh... 0
7. V 70. letech se Hawking intele... 0
8. Hawking se během své vědecké d... 1
9. Jako student byl Stephen horli... 0
10. V roce 2014 byl britským režis... 1